000 00436nam a2200169Ia 4500
008 230711s9999||||xx |||||||||||||| ||und||
020 _a978-81-224-3958-8
041 _aENG
082 _a537
_bCH-E
100 _aChakraborty,Prantosh
245 0 _aElectricity and Magnetism
250 _a2nd Ed.
260 _c2016
_aNew Delhi
_bNew Age International Publishers
300 _a452p.
650 _aElectronics Engineering
942 _cBK
999 _c6612
_d6612